| 000 | 01309cam a2200301 a 4500 | ||
|---|---|---|---|
| 001 | 000002598 | ||
| 005 | 20240313182408.0 | ||
| 008 | 770516s1969 sp ac 000 0 spa | ||
| 040 |
_aDO-SdBNP _bspa _cBNPHU |
||
| 082 |
_a920.046 _bG633ó |
||
| 100 | 1 |
_aGómez Santos, Marino. _98184 |
|
| 245 | 1 | 0 |
_a11 españoles universales / _cMarino Gómez Santos. |
| 260 |
_aMadrid : _bCultura Hispánica, _c1969. |
||
| 300 |
_a416 p. : _bil. ; _c21 cm. |
||
| 505 | 0 | _aRamón Castroviejo -- Cristóbal Colón, duque de Veragua -- Ernesto Halffter -- Juan José López Ibor -- Victorio Macho -- Benjamin Palencia -- José Maria Peman -- Joaquín Rodrigo -- Manolo Santana -- Andrés Segovia -- Daniel Vázquez Díaz. | |
| 651 | 4 |
_aEspaña _xBiografías _98185 |
|
| 600 | 1 | 4 |
_aCASTROVIEJO, RAMÓN, _d1904-1987 _98186 |
| 600 | 0 |
_aCOLÓN, CRISTOBAL, _d1436-1456 _919795 |
|
| 600 | 1 | 4 |
_aHALFFTER, ERNESTO, _d1905-1989 _98187 |
| 600 | 1 | 4 |
_aLÓPEZ IBOR, JUAN JOSÉ, _d1908-1991 _98188 |
| 600 | 1 | 4 |
_aMACHO, VICTORIO, _d1887-1966 _98189 |
| 600 | 1 | 4 |
_aPALENCIA, BENJAMÍN, _d1894-1980 _98190 |
| 600 | 1 | 4 |
_aPEMAN, JOSÉ MARÍA, _d1897-1981 _98191 |
| 600 | 1 | 4 |
_aRODRIGO, JOAQUÍN, _d1901-1999 _98192 |
| 600 | 1 | 4 |
_aSANTANA, MANOLO, _98193 |
| 600 | 1 | 4 |
_aSEGOVIA, ANDRES, _d1893-1987 _98194 |
| 600 | 1 | 4 |
_aVAZQUEZ DÍAZ, DANIEL, _d1882-1969 _98195 |
| 999 |
_c2434 _d2434 |
||